Countries in Norwegian #1 - Statistics

General Stats
  • This quiz has been taken 17 times
  • The average score is 14 of 20
Answer Stats
English Norwegian % Correct
Norway Norge
100%
Brazil Brasil
88%
Indonesia Indonesia
82%
Italy Italia
82%
China Kina
82%
Poland Polen
82%
Sweden Sverige
82%
France Frankrike
71%
Greece Hellas
71%
Spain Spania
71%
Germany Tyskland
71%
Morocco Marokko
65%
South Korea Sør-Korea
65%
Lithuania Litauen
59%
Turkey Tyrkia
59%
Vatican City Vatikanstaten
59%
Kyrgyzstan Kirgisistan
53%
Mozambique Mosambik
53%
Belarus Hviterussland
47%
United Kingdom Storbritania
29%
No matching quizzes found
Score Distribution
Percent of People with Each Score
Percentile by Number Answered
Your Score History
You have not taken this quiz